• 首页
  • 本馆介绍
  • 公告通知
  • 最新文献
  • 馆藏检索
  • 电子资源
  • 读者导购
  • 参考咨询
  • 我的图书馆
  • 登录
  • 详细信息显示
  • 放入我的书架
  • 预约/预借图书
  • 作者相关作品
  • 分类相关作品
  • 丛书相关作品
  • 出版社相关作品

书目信息

  • 表格格式
  • 工作单格式
  • 卡片格式
题名:
计算爆炸力学
    
 
作者: 宁建国 , 马天宝 著
分册:  
出版信息: 北京   国防工业出版社  2015
页数: 260页
开本: 24cm
丛书名:
单 册:
中图分类: O38
科图分类:
主题词: 计算爆炸力学
电子资源:
ISBN: 978-7-118-10036-5
000 00991nam0 2200253 450
001 1843
005 20161201142054.34
010    @a978-7-118-10036-5@dCNY68.00
100    @a20150512d2015 em y0chiy50 ea
101 0  @achi@eeng
102    @aCN@b110000
105    @ay z 000yy
200 1  @a计算爆炸力学@9ji suan bao zha li xue@dComputational explosion mechanics@zeng@f宁建国,马天宝著
210    @a北京@c国防工业出版社@d2015
215    @a260页@d24cm
300    @a国防科技图书出版基金
330    @a本书共10章,主要内容包括Euler形式流体动力学基本方程组的建立、有限差分方法基本理论、典型Euler程序及Euler方法中的多物质界面处理方法、复杂结构网格生成、数据分析及可视化、大规模数值计算、材料动态本构模型等。
510 1  @aComputational explosion mechanics@zeng
606 0  @a计算爆炸力学
690    @aO38@v5
701  0 @a宁建国@9ning jian guo@f(1963.3~)@4著
701  0 @a马天宝@9ma tian bao@f(1981~)@4著
801  0 @aCN@b大连网信软件有限公司图书馆·11@c20161201
905    @aZUCC@dO38@e13
    
    计算爆炸力学=Computational explosion mechanics/宁建国,马天宝著.-北京:国防工业出版社,2015
    260页;24cm
    国防科技图书出版基金
    
    ISBN 978-7-118-10036-5:CNY68.00
    本书共10章,主要内容包括Euler形式流体动力学基本方程组的建立、有限差分方法基本理论、典型Euler程序及Euler方法中的多物质界面处理方法、复杂结构网格生成、数据分析及可视化、大规模数值计算、材料动态本构模型等。
●
相关链接 在E读中查询图书 在五车中查询图书 在当当中查询图书 在豆瓣中查询图书


正题名:计算爆炸力学     索取号:O38/13         预约/预借

序号 登录号 条形码 馆藏地/架位号 状态 备注
1 908922   209089225   第二样本阅览室/ [索取号:O38/13] 在馆    
2 908923   209089234   密集书库-物理学院/ [索取号:O38/13] 在馆    
3 908924   209089243   第三借阅区/ [索取号:O38/13] 在馆    
4 908925   209089252   第三借阅区/ [索取号:O38/13] 在馆    
5 908926   209089261   第三借阅区/ [索取号:O38/13] 在馆    
唐山师范学院图书馆 欢迎您!
大连网信软件有限公司© 版权所有